000 00545nam a22001937a 4500
005 20251022112718.0
008 251022b |||||||| |||| 00| 0 eng d
037 _cTB
040 _aCRL
_cCRL
041 _2ENG
_aENG
084 _bCRL
100 _aMead, Richelles
_9849121
245 _aVampire academy:
_bblood promise
260 _aLondon, UK:
_bPenguin books,
_c2009.
300 _a492p.
365 _b325.00
_cINR
942 _2CC
_cTB
_n0
999 _c1464945
_d1464945